000 00213 a2200097 4500
020 _a9781594375767
041 _aspa
100 _aElivia Savadier
245 _aMe Encantan los Saturdays y los Domingos
942 _cBK
999 _c26910
_d26910